Hansel y Gretel
Wedi'i Gadw mewn:
| Prif Awdur: | |
|---|---|
| Fformat: | Llyfr |
| Iaith: | Sbaeneg |
| Cyhoeddwyd: |
Buenos Aires
Sigmar
1958
|
| Cyfres: | Colección Pinocho, 12
|
| Pynciau: | |
| Tagiau: |
Ychwanegu Tag
Dim Tagiau, Byddwch y cyntaf i dagio'r cofnod hwn!
|
MARC
| LEADER | 00000nam a2200000 a 4500 | ||
|---|---|---|---|
| 001 | UCW4461 | ||
| 003 | CL-VaPUC | ||
| 005 | 20250401141620.0 | ||
| 008 | 900410e19580000AG |||||||||||||||||spa|d | ||
| 999 | |c 218192 |d 218190 | ||
| 040 | |c Pontificia Universidad Católica de Valparaíso | ||
| 082 | 0 | 4 | |a 808.068 |b GRI |2 21 |
| 100 | |a Grimm, Jacob Ludwig Karl |e author |9 596364 | ||
| 245 | 1 | 0 | |a Hansel y Gretel |
| 260 | |a Buenos Aires |b Sigmar |c 1958 | ||
| 300 | |a 8 p | ||
| 490 | 0 | |a Colección Pinocho, 12 | |
| 583 | |a last modification |c 19900410 00:00:00 |k Rodrigo Vera | ||
| 650 | 0 | |a Literatura infantil |9 307465 |x Cuentos | |
| 942 | |c BK |2 ddc | ||
| 945 | |d 19900410 00:00:00 | ||
| 952 | |0 0 |1 0 |4 0 |6 808_068000000000000_GRI_1958 |7 0 |8 A |9 207244 |a BIBEDU |b BIBEDU |d 2019-11-15 |i 2750449 |o 808.068 GRI 1958 |p 2750449 |r 2019-11-15 |w 2019-11-15 |y BK |k EDU | ||